000 00254nam a2200097Ia 4500
001 737768
005 20250826163938.0
008 250824s9999 xx 000 0 und d
245 0 _aÜLKEMİN EFSANELERİ
_cİBRAHİM ZEKİ BURDURLU
260 _bTUDEM YAYINLARI
999 _c737768
_d737768